000
00336nam a22001577a 4500
003
SGT
082
_a
294.1
_b
U95M
100
_a
MAXMULLER,F
245
_a
THE UPANISHADS
250
_a
1ST
260
_a
DELHI
_b
MOTILALA BANARSIDAS
_c
1995
300
_a
350
650
_a
AYURVEDA
653
_a
UPANISHADS, RELIGION
942
_2
ddc
_c
RARE
999
_c
24149
_d
24149